000 00445nam a22001697a 4500
005 20251108164231.0
008 250721s1994 xx 000 0 ara d
082 1 4 _a327.14/إبر
100 1 _aعرقوب، إبراهيم أحمد
245 1 0 _aسيكولوجية الإشاعة /
264 1 _aعمان :
_c1994.
300 _a57ص
650 1 7 _aالإشاعة
650 1 7 _aالحرب النفسية
942 _2ddc
_cBK
999 _c7055
_d7055